| 000 | 00487nam a22001817a 4500 | ||
|---|---|---|---|
| 005 | 20260513142446.0 | ||
| 008 | 260513b |||||||| |||| 00| 0 eng d | ||
| 020 | _a9781526424723 | ||
| 041 | _aEng | ||
| 082 | _a300.72 CHA | ||
| 100 | _aChandola, Tarani | ||
| 245 | _aArchival and Secondary Data | ||
| 260 |
_aLos Angeles _bSage _c2021 |
||
| 300 | _a169;. P. 23 cm | ||
| 650 | _aStatistical Methods; Social Sciences Research--Methodology | ||
| 700 | _aBooker, Cara | ||
| 942 | _cBK | ||
| 999 |
_c46555 _d46555 |
||